Welcome to the Holygrace Academy Library

Please use search bar below to get started

AYIRATHONNU CHIRIKKUDUKKAKAL (Record no. 1187)

MARC details
000 -LEADER
fixed length control field 00299nam a22001337a 4500
082 ## - DEWEY DECIMAL CLASSIFICATION NUMBER
Classification number 894.812
Item number PAU/O
100 ## - MAIN ENTRY--AUTHOR NAME
Personal name PAUL VARGHESE
245 ## - TITLE STATEMENT
Title AYIRATHONNU CHIRIKKUDUKKAKAL
250 ## - EDITION STATEMENT
Edition statement 1
260 ## - PUBLICATION, DISTRIBUTION, ETC. (IMPRINT)
Place of publication CHALAKUDY
Name of publisher AKSHYA PUBLICATIONS
Year of publication 2006
300 ## - PHYSICAL DESCRIPTION
Number of Pages 96
650 ## - SUBJECT ADDED ENTRY--TOPICAL TERM
Topical Term COMICS
Geographic subdivision KERALA
942 ## - ADDED ENTRY ELEMENTS (KOHA)
Koha item type Books
Holdings
Withdrawn status Lost status Collection code Home library Current library Shelving location Date acquired Source of acquisition Cost, normal purchase price Full call number Accession Number Koha item type
    Non-fiction Main Library Main Library SHELF-6D- MALAYALAM SHORT STORIES 06/03/2014 PURCHASE 10.00 894.812 PAU/O 07738 Books